000 00841nam a22002777a 4500
001 8599
003 FISKH
005 20251002121244.0
008 251002b cb ||||| |||| 00| 0 eng d
020 _a9788184851632
040 _aFISKH
_beng
_cFISKH
_dFISKH398.2 LCC PZ8.S2475 L
050 _aPZ8.S2475 L
082 _a398.2
100 _aAnonymous
245 _aThe little match girl /
260 _aNew Delhi :
_bLearners,
_c1995.
300 _a16 unnumbered pages :
_bcolor illustrations ;
_c31 cm
490 _aMy big book of fairy tales
505 _aG
520 _aThe wares of the poor little match girl illuminate her cold world, bringing some beauty to her brief, tragic life.
521 8 _a380
_bLexile estimate
521 8 _aG
_bRaz-Plus
650 _aMatch girl
942 _2ddc
_cBK
_n0
999 _c8599
_d8599